| 000 | 00597nam a2200157 a 4500 | ||
|---|---|---|---|
| 001 | 000039460 | ||
| 005 | 20201002031648.0 | ||
| 008 | 130701s2004 dr 000 0 spa d | ||
| 040 |
_aDO-SdBNP _bspa _cBNPHU |
||
| 110 | 2 |
_aRepública Dominicana _9447 |
|
| 240 | 1 | 0 | _a[Leyes etc.] |
| 245 | 1 | 0 |
_aLey institucional de la policia nacional : _bNo. 96-04 gaceta oficial no. 10258 del 5 febrero de 2004. |
| 246 | 1 | 4 |
_aLey institucional de la policia nacional : _bNo. 96-04 gaceta oficial no. 10258 del 5 febrero de 2004 |
| 260 |
_a[Santo Domingo] : _bCongreso Nacional., _c2004. |
||
| 300 |
_a55 p. ; _c21 cm. |
||
| 999 |
_c38950 _d38950 |
||